Pays qui lisent le plus - Statistiques

Statistiques générales
  • Ce quiz a été pris 469 fois
  • Le résultat moyen est 20 sur 30
Statistiques - réponses
Heures par semaine Pays % Correct
6.54 France
99%
8.00 Chine
95%
5.48 Espagne
93%
5.42 Etats-Unis
93%
4.06 Japon
93%
5.42 Allemagne
91%
5.48 Canada
89%
7.06 Russie
89%
5.36 Italie
88%
5.18 Royaume-Uni
87%
5.12 Brésil
84%
10.42 Inde
83%
6.54 Suède
83%
6.08 Australie
80%
3.06 Corée du Sud
80%
5.30 Mexique
79%
5.54 Argentine
76%
6.30 Pologne
67%
6.16 Afrique du Sud
59%
5.54 Turquie
59%
6.00 Indonésie
57%
7.30 Egypte
55%
9.24 Thaïlande
49%
6.48 Hongrie
40%
6.48 Arabie Saoudite
39%
7.36 Philippines
36%
5.00 Taïwan
36%
7.24 République Tchèque
30%
6.24 Venezuela
25%
6.47 Hong Kong
14%
Aucun quiz correspondant
Distribution des résultats
% des personnes avec chaque résultat
Percentile par nombre de réponses
Votre historique - résultats
Vous n’avez pas pris ce quiz